000 00335nam a22001097a 4500
008 230621b xxu||||| |||| 00| 0 eng d
082 _a328.3
_bKIM 1984
245 _aThe Legislative Connection: The Politics of Representation in Kenya, Korea, and Turkey
260 _aUSA
_bDuke University Press
_c1984
300 _a237p
942 _2ddc
_cBK
999 _c2320
_d2320